| 000 | 01152nam2a22002411 4500 | ||
|---|---|---|---|
| 001 | rc\4820952 | ||
| 005 | 20250612191501.0 | ||
| 021 |
_aRU _b[58-57360] |
||
| 035 | _a(NLR Aleph) 008801030 | ||
| 090 |
_a8101738 _c8101738 |
||
| 100 | _a20130426d1958 |||y0rusy50 ca | ||
| 101 | 0 | _arus | |
| 102 | _aRU | ||
| 105 | _ac z |||a| | ||
| 200 | 1 | _aПовести, рассказы, очерки. 1918-1944 | |
| 210 |
_d1958 _aБ. м. |
||
| 215 | _a558 с., 1 л. портр. | ||
| 461 | 0 |
_1001rc\4820950 _12001#$aИзбранные сочинения$eВ 4 т.$f[Сост., подготовка текста и примеч. В.А. Борисовой$gВступ. статья В. Бахметьева, с. 3-27]. Т. 1-$vТ. 2 _1700#1$aШишков$bВ.Я.$f1873-1945$gВячеслав Яковлевич _98101728 _aШишков, В.Я. (1873-1945) _cМосква _d1958 _f[Сост., подготовка текста и примеч. В.А. Борисовой _n[Мол. гвардия] _oВ 4 т. _tИзбранные сочинения _vТ. 2 |
|
| 801 | 0 |
_aRU _bNLR _gpsbo |
|
| 801 | 1 |
_aRU _bELAR _2rusmarc |
|
| 852 |
_aNLR _j58-3/3501 |
||
| 942 | _cBOOK | ||
| 980 | _aNB | ||